| 000 | 00368nam a2200133Ia 4500 | ||
|---|---|---|---|
| 008 | 260210s9999 xx 000 0 und d | ||
| 024 | _a13B-079-BS | ||
| 082 | _a005.399072 WAQ | ||
| 100 | _aWaqar Hussain | ||
| 245 | 0 | _aBakery Items on Demand (CODE BOOK) | |
| 260 |
_aKarachi: _bUITU, _c2013 |
||
| 600 | _aComputer Science | ||
| 650 | _aBachelor of Computer Science (BS) | ||
| 999 |
_c32393 _d32393 |
||